000 00500nam a2200193Ia 4500
005 20250326142309.0
008 250326s9999 xx 000 0 und d
020 _a81-259-0785-8
037 _aTextbook
040 _aFMSL
_beng
_cFMSL
041 _aeng
_2eng
084 _aX:8 P0
_qFMSL
100 _aSUSHIL
_9299297
245 0 _aFlexibility in management
_cSUSHIL
260 _aDelhi
_bDelhi, Vikas
_c2000
300 _axiii,260
942 _cTB
_hX:8 P0
999 _c1294358
_d1294358